Atlas geográfico, estadístico e histórico de la República Mexicana (Record no. 4032)

MARC details
000 -CABECERA
campo de control de longitud fija 01017nam a2200241 a 4500
001 - NÚMERO DE CONTROL
campo de control BRCA_4321
005 - FECHA Y HORA DE LA ÚLTIMA TRANSACCIÓN
campo de control 20190320204627.0
008 - DATOS DE LONGITUD FIJA--INFORMACIÓN GENERAL
campo de control de longitud fija 240610r18581982mx-bh#####---#000-0#spa-#
041 ## - CÓDIGO DE LENGUA
Código de lengua del texto/banda sonora o título independiente spa
044 ## - CÓDIGO DEL PAÍS DE LA ENTIDAD EDITORA/PRODUCTORA
Código MARC del país mx
050 #4 - SIGNATURA TOPOGRÁFICA DE LA BIBLIOTECA DEL CONGRESO
Número de clasificación G1545
Número de documento/Ítem .G37 1982
100 1# - ENTRADA PRINCIPAL--NOMBRE DE PERSONA
Nombre de persona García y Cubas, Antonio
Fechas asociadas al nombre 1982-1912
9 (RLIN) 11080
245 10 - MENCIÓN DE TÍTULO
Título Atlas geográfico, estadístico e histórico de la República Mexicana
Mención de responsabilidad, etc. formado por Antonio García y Cubas ; introducción Graciela Romandía de Cantú.
260 ## - PUBLICACIÓN, DISTRIBUCIÓN, ETC.
Lugar de publicación, distribución, etc. México
Nombre del editor, distribuidor, etc. Celanece Mexicana
Fecha de publicación, distribución, etc. 1982
300 ## - DESCRIPCIÓN FÍSICA
Extensión 1 v. (en varias paginaciones)
Otras características físicas il. (algunas a color), 33 láminas, mapas
Dimensiones 45 cm.
500 ## - NOTA GENERAL
Nota general Facsímil de: Antonio García y Cubas. México : Imprenta de José Mariano Fernández de Lara, 1858
501 ## - NOTA DE "CON"
Nota de “Con” Incluye noticia de minerales y fincas rústicas
501 ## - NOTA DE "CON"
Nota de “Con” Por su formato NO se presta a domicilio
650 14 - PUNTO DE ACCESO ADICIONAL DE MATERIA--TÉRMINO DE MATERIA
Término de materia o nombre geográfico como elemento de entrada Cartografía
Subdivisión cronológica Siglo XIX
Subdivisión geográfica México
9 (RLIN) 9799
651 #4 - PUNTO DE ACCESO ADICIONAL DE MATERIA--NOMBRE GEOGRÁFICO
Nombre geográfico México
Subdivisión de forma Mapas
Subdivisión cronológica Siglo XIX
9 (RLIN) 9800
700 1# - PUNTO DE ACCESO ADICIONAL--NOMBRE DE PERSONA
Nombre de persona Romandía de Cantú, Graciela
9 (RLIN) 817
942 ## - ELEMENTOS DE PUNTO DE ACCESO ADICIONAL (KOHA)
Fuente del sistema de clasificación o colocación Library of Congress Classification
Tipo de ítem Koha Libros
Holdings
Estado de retiro Estado de pérdida Estado dañado No para préstamo Localización permanente Ubicación/localización actual Fecha de adquisición Total de préstamos Signatura topográfica completa Código de barras Fecha visto por última vez Precio válido a partir de Tipo de ítem Koha
El ejemplar forma parte de la colección y puede ser consultado según las políticas vigentes.       Biblioteca del Museo Franz Mayer (Rogerio Casas-Alatriste) Biblioteca del Museo Franz Mayer (Rogerio Casas-Alatriste) 24/06/2010   G1545 .G37 1982 00610 22/03/2019 22/03/2019 Libros